Statistiken für Alle Pokemon mit "W"

Klicken Sie hier um das Quiz zu spielen!

Allgemein

  • Dieses Quiz wurde 280 mal gespielt
    (145 seit der letzten Aktualisierung)
  • Das Durchschnittsergebnis liegt bei 15 aus 30

Antwortstatistiken

HintAntwort% Korrekt
Johto (5)202Woingenau
84%
Johto (5)!62Wiesenior
83%
Johto (5)161Wiesor
83%
Hoenn (8)320Wailmer
81%
Hoenn (8)321Wailord
81%
Johto (5)180Waaty
78%
Johto (5)167Webarak
78%
Hoenn (8)365Walraisa
72%
Hoenn (8)265Waumpel
72%
Alola (3)744Wuffels
67%
Einall (4)628Washakwil
61%
Alola (3)745Wolwerock
59%
Hoenn (8)333Wablu
58%
Hoenn (8)340Welsar
58%
Sinnoh (2)415Wadribie
53%
Sinnoh (2)440Wonneira
53%
Hoenn (8)278Wingull
50%
Kalos (1)693Wummer
47%
Hoenn (8)346Wielie
45%
Alola (3)742Wommel
44%
Einall (4)595Wattzapf
38%
Galar (3)892Wulaosu
36%
Galar (3)831Wolly
28%
Einall (4)620Wie-Shu
25%
Galar (3)838Wagong
19%
Einall (4)546Waumboll
19%
Paldea (4)986Windewoge
17%
Paldea (4)946Weherba
9%
Paldea (4)1009Wutpilz
8%
Paldea (4)939Wapitz
2%

Verteilung der Resultate

Perzentil nach korrekt beantworteten Fragen

Anzahl Personen mit jedem Resultat

Ihre Resultats-Entwicklung

Sie haben dieses Quiz seit der letzten Aktualisierung nicht gespielt